MARC details
| 000 -LEADER |
| fixed length control field |
02603cam a2200337 i 4500 |
| 001 - CONTROL NUMBER |
| control field |
20015611 |
| 005 - DATE AND TIME OF LATEST TRANSACTION |
| control field |
20220316111719.0 |
| 008 - FIXED-LENGTH DATA ELEMENTS--GENERAL INFORMATION |
| fixed length control field |
170921s2018 nyu b 001 0 eng |
| 010 ## - LIBRARY OF CONGRESS CONTROL NUMBER |
| LC control number |
2017045254 |
| 020 ## - INTERNATIONAL STANDARD BOOK NUMBER |
| International Standard Book Number |
9781462533237 (paperback : acidfree paper) |
| 040 ## - CATALOGING SOURCE |
| Original cataloging agency |
DLC |
| Language of cataloging |
eng |
| Transcribing agency |
DLC |
| Description conventions |
rda |
| Modifying agency |
DLC |
| 042 ## - AUTHENTICATION CODE |
| Authentication code |
pcc |
| 050 00 - LIBRARY OF CONGRESS CALL NUMBER |
| Classification number |
RC564 |
| Item number |
.D536 2018 |
| 082 00 - DEWEY DECIMAL CLASSIFICATION NUMBER |
| Classification number |
DC 362.29 |
| Edition number |
2018 |
| Item number |
D561 |
| 084 ## - OTHER CLASSIFICATION NUMBER |
| Classification number |
PSY038000 |
| -- |
MED105000 |
| -- |
SOC025000 |
| Number source |
bisacsh |
| 100 1# - MAIN ENTRY--PERSONAL NAME |
| Personal name |
DiClemente, Carlo C., |
| Relator term |
author. |
| 9 (RLIN) |
44431 |
| 245 10 - TITLE STATEMENT |
| Title |
Addiction and change : |
| Remainder of title |
how addictions develop and addicted people recover / |
| Statement of responsibility, etc. |
Carlo C. DiClemente. |
| 250 ## - EDITION STATEMENT |
| Edition statement |
Second edition. |
| 260 ## - PUBLICATION, DISTRIBUTION, ETC. (IMPRINT) |
| Place of publication, distribution, etc. |
New York : |
| Name of publisher, distributor, etc. |
The Guilford Press ; |
| Date of publication, distribution, etc. |
2018. |
| 300 ## - PHYSICAL DESCRIPTION |
| Extent |
xx, 364 pages ; |
| Dimensions |
24 cm |
| 504 ## - BIBLIOGRAPHY, ETC. NOTE |
| Bibliography, etc |
Includes bibliographical references (pages 311-352) and index. |
| 520 ## - SUMMARY, ETC. |
| Summary, etc. |
"Not everyone who experiments with substance use or risky behavior becomes addicted, and many who are addicted have been able to recover. This authoritative book, now revised and updated, has given tens of thousands of professionals and students a state-of-the-art framework for understanding the journey both into and out of addiction. From Carlo C. DiClemente, codeveloper of the transtheoretical model (TTM), the book identifies the stages and processes involved in initiating, modifying, maintaining, or stopping any pattern of behavior. Grounded in extensive research, and illustrated with vivid case examples, the book shows how using the TTM can help overcome obstacles to change and make treatment and prevention more effective. Key words/Subject Areas: addictions, alcoholism, problem drinking, substance abuse, substance use disorders, addictive behaviors, chemical dependency, drugs, nicotine, dependence, treatments, interventions, prevention, recovery, stages of change, processes, transtheoretical model, TTM, addiction research, motivational interviewing, behavior change, behavioural change, texts Audience: Practitioners and graduate students in clinical psychology, clinical social work, psychiatric nursing, substance abuse counseling, and psychiatry"-- |
| 650 #0 - SUBJECT ADDED ENTRY--TOPICAL TERM |
| Topical term or geographic name as entry element |
Addicts |
| General subdivision |
Rehabilitation. |
| 9 (RLIN) |
44432 |
| 650 #0 - SUBJECT ADDED ENTRY--TOPICAL TERM |
| Topical term or geographic name as entry element |
Substance abuse |
| General subdivision |
Treatment. |
| 9 (RLIN) |
44433 |
| 650 #7 - SUBJECT ADDED ENTRY--TOPICAL TERM |
| Topical term or geographic name as entry element |
PSYCHOLOGY / Psychopathology / Addiction. |
| Source of heading or term |
bisacsh |
| 9 (RLIN) |
44434 |
| 650 #7 - SUBJECT ADDED ENTRY--TOPICAL TERM |
| Topical term or geographic name as entry element |
MEDICAL / Psychiatry / General. |
| Source of heading or term |
bisacsh |
| 9 (RLIN) |
44435 |
| 650 #7 - SUBJECT ADDED ENTRY--TOPICAL TERM |
| Topical term or geographic name as entry element |
SOCIAL SCIENCE / Social Work. |
| Source of heading or term |
bisacsh |
| 9 (RLIN) |
44436 |
| 906 ## - LOCAL DATA ELEMENT F, LDF (RLIN) |
| a |
7 |
| b |
cbc |
| c |
orignew |
| d |
1 |
| e |
ecip |
| f |
20 |
| g |
y-gencatlg |
| 942 ## - ADDED ENTRY ELEMENTS (KOHA) |
| Source of classification or shelving scheme |
Dewey Decimal Classification |
| Koha item type |
Circulation |